000 00596nam a2200205Ia 4500
008 131103s9999 xx 000 0 und d
020 _a70534772
_cRs 199
040 _aLoreto College
041 _aEnglish
082 _a005.13(C)/BAL
_bLCLIB/45761
100 _aBalagurusamy, E.
245 _aProgramming in ANSI C
_cE. Balagurusamy
250 _a3rd ed
260 _aNew Delhi
_bTata McGraw-Hill Publishing Co. Ltd.
_c2004
300 _axiv,493p
_c 24 cm
504 _aIncludes bibliography and index
650 _aC Programming Language
850 _aLCLIB/005.13(C)/BAL
942 _cBK
999 _c16588
_d67067